[Event "Tournoi francophone 015"]
[Site "Skype"]
[Date "????.??.??"]
[Round "4.6"]
[White "Hurtado De Mendoza, Ramon Miguel"]
[Black "Moumtaz, Abderrahim"]
[Result "1-0"]
[WhiteElo "1487"]
[BlackElo "1260"]
[PlyCount "49"]

1. d4 Nf6 2. c4 c6 3. Nc3 d5 4. e3 e6 5. Bd3 Bb4 6. a3 Be7 7. Nf3 dxc4 8. Bxc4
b5 9. Be2 Nbd7 10. O-O O-O 11. b4 Bb7 12. Bb2 Bd6 13. Na2 Re8 14. Qc2 Qc7 15.
h3 Rac8 16. Nc1 e5 17. dxe5 Nxe5 18. Nxe5 Bxe5 19. Bxe5 Qxe5 20. Nd3 Qf5 21.
Rac1 Qg6 22. Bf3 Red8 23. Rfd1 Rc7 24. Nc5 Qxc2 25. Rxd8+ 1-0

[Event "Tournoi francophone 015"]
[Site "Skype"]
[Date "????.??.??"]
[Round "4.8"]
[White "Hilton, Stephen"]
[Black "Le Brun, Yves"]
[Result "1-0"]
[WhiteElo "1865"]
[BlackElo "1335"]
[PlyCount "27"]

1. e4 d5 2. d4 dxe4 3. Nc3 Nf6 4. f3 exf3 5. Nxf3 Bf5 6. Bc4 e6 7. O-O c6 8.
Ne5 Be7 9. Nxf7 Kxf7 10. Rxf5 Qb6 11. Re5 Rd8 12. Rxe6 Nd5 13. Nxd5 Rxd5 14.
Bxd5 1-0

[Event "Tournoi francophone 015"]
[Site "Skype"]
[Date "????.??.??"]
[Round "4.9"]
[White "Legueltel, Daniel"]
[Black "Codina, Teresa"]
[Result "1-0"]
[WhiteElo "1753"]
[BlackElo "1310"]
[PlyCount "71"]

1. d4 d5 2. c4 e6 3. Nc3 Nf6 4. Bg5 Be7 5. e3 c6 6. Rc1 h6 7. Bh4 O-O 8. Bd3
Nbd7 9. Nf3 b6 10. cxd5 exd5 11. Bb1 Bb7 12. O-O a5 13. Qc2 Re8 14. Ne5 Qc7 15.
Nxd5 Qd6 16. Nxe7+ Rxe7 17. Nxd7 Rxd7 18. Bg3 Qd5 19. Be5 Ng4 20. Qh7+ Kf8 21.
Qxg7+ Ke7 22. Qxg4 f6 23. Be4 Qxa2 24. Qg7+ Qf7 25. Qxf7+ Kxf7 26. Bf4 Rg8 27.
Bxc6 Bxc6 28. Rxc6 b5 29. Rc7 Ke6 30. Rxd7 Kxd7 31. Rc1 h5 32. Rc5 a4 33. Rxb5
Ra8 34. g3 a3 35. bxa3 Rxa3 36. Rxh5 1-0

[Event "Tournoi francophone 015"]
[Site "Skype"]
[Date "????.??.??"]
[Round "4.10"]
[White "Megelas, Florent"]
[Black "Cengiz, Ali Ekber"]
[Result "1-0"]
[WhiteElo "1539"]
[BlackElo "1299"]
[PlyCount "43"]

1. e4 e5 2. Nf3 Nc6 3. Nc3 Nf6 4. Bc4 h6 5. d3 Bc5 6. h3 a6 7. O-O d6 8. Be3
Nd4 9. Nd5 c6 10. Nxf6+ Qxf6 11. Nxd4 exd4 12. Bd2 Qg6 13. Qf3 O-O 14. c3 Be6
15. Bb3 d5 16. exd5 cxd5 17. cxd4 Bxd4 18. Bc3 Ba7 19. Bxd5 Rad8 20. Bxe6 Rxd3
21. Qg4 Qh7 22. Bf5 1-0

[Event "Tournoi francophone 015"]
[Site "Skype"]
[Date "????.??.??"]
[Round "4.11"]
[White "Zenini, Simone"]
[Black "Kruk, Clementine"]
[Result "0-1"]
[WhiteElo "1436"]
[BlackElo "1293"]
[PlyCount "44"]

1. e4 e5 2. Nf3 Nc6 3. Bb5 a6 4. Ba4 Nf6 5. O-O Bc5 6. Nxe5 b5 7. Bb3 O-O 8.
Nxc6 dxc6 9. d3 Bg4 10. Qe1 a5 11. a4 b4 12. Be3 Bd4 13. c3 Bxe3 14. Qxe3 Re8
15. f3 Be6 16. Bxe6 Rxe6 17. Nd2 Nd5 18. Qc5 Nf4 19. d4 Qh4 20. Qc4 Rh6 21. h3
Nxh3+ 22. gxh3 Qg3+ 0-1

[Event "Tournoi francophone 015"]
[Site "Skype"]
[Date "????.??.??"]
[Round "4.12"]
[White "L'Herbon De Lussats, Jean"]
[Black "Ambrosino, Theo"]
[Result "0-1"]
[WhiteElo "1259"]
[BlackElo "1412"]
[PlyCount "140"]

1. d4 Nf6 2. c4 e6 3. Nf3 d5 4. g3 c5 5. Bg2 cxd4 6. Nxd4 Bb4+ 7. Bd2 Qb6 8. a3
Qxd4 9. axb4 Qxc4 10. Na3 Qc7 11. O-O O-O 12. Rc1 Qb6 13. Bc3 Ng4 14. Qd4 Qxd4
15. Bxd4 Nc6 16. Bc3 Bd7 17. b5 Ne7 18. Bb4 Rfe8 19. Rc7 Nf6 20. Rxb7 a6 21.
Rc1 Nf5 22. b6 Nd4 23. Bf1 Nc6 24. Bd2 Rab8 25. Rc7 Rxb6 26. Bg5 Nb8 27. R1c2
h6 28. Bf4 Ba4 29. Rd2 Ne4 30. Rd4 Bc6 31. f3 e5 32. Bxe5 Rxe5 33. fxe4 dxe4
34. Rxe4 Rxe4 35. Rc8+ Kh7 36. Nc4 Rb4 37. e3 Bd5 38. h4 f5 39. Kg2 Bxc4 40.
Bxc4 Rxb2+ 41. Kh3 Rb4 42. h5 g5 43. Rc7+ Kh8 44. Rc8+ Kg7 45. Be6 g4+ 46. Kh4
Rb1 47. Rg8+ Kf6 48. Rg6+ Ke7 49. Bxf5 Nd7 50. Bxe4 Rf1 51. Rxh6 Nf6 52. Kg5
Nxe4+ 53. Kxg4 Nf6+ 54. Kg5 Rf3 55. g4 Ne4+ 56. Kh4 a5 57. g5 Rxe3 58. g6 Rg3
59. Rh7+ Kf6 60. Rf7+ Ke6 61. Ra7 Rg5 62. Ra6+ Ke7 63. h6 Rg1 64. Ra7+ Kf6 65.
g7 Kf5 66. Rf7+ Ke6 67. h7 Kxf7 68. g8=Q+ Rxg8 69. hxg8=Q+ Kxg8 70. Kg4 a4 0-1

[Event "Tournoi francophone 015"]
[Site "Skype"]
[Date "????.??.??"]
[Round "4.13"]
[White "Yepes Bermudez, Maribel"]
[Black "Harmelle, Dominique"]
[Result "0-1"]
[WhiteElo "1287"]
[BlackElo "1402"]
[PlyCount "82"]

1. e4 c6 2. d4 d5 3. e5 Bf5 4. Nf3 h6 5. h3 e6 6. Be2 Nd7 7. O-O Bb4 8. a3 Ba5
9. b4 Bb6 10. Nc3 Ne7 11. Re1 a6 12. Be3 O-O 13. a4 Bc7 14. Rb1 b5 15. Qd2 Bh7
16. Bf4 Ng6 17. Bg3 Nb6 18. a5 Nc4 19. Qc1 Qe7 20. h4 f5 21. h5 Nh8 22. Bd3 Qf7
23. Be2 Bd8 24. Nh4 f4 25. Ng6 fxg3 26. fxg3 Qf2+ 27. Kh2 Ne3 28. Rg1 Bxg6 29.
hxg6 Bg5 30. Qe1 Qf5 31. Bd3 Ng4+ 32. Kh1 Nf2+ 33. Kh2 Nxd3 34. cxd3 Qxd3 35.
Ne2 Qxg6 36. g4 Rf7 37. Qc3 Rc8 38. Qc5 Qe4 39. Ng3 Qxg4 40. Rgd1 Qh4+ 41. Kg1
Be3# 0-1

[Event "Tournoi francophone 015"]
[Site "Skype"]
[Date "????.??.??"]
[Round "4.14"]
[White "Couto, Januario"]
[Black "Bucherie, Volcy"]
[Result "1-0"]
[WhiteElo "1387"]
[BlackElo "1274"]
[PlyCount "101"]

1. e4 c6 2. Nc3 Qa5 3. d4 d5 4. e5 Bf5 5. Nge2 e6 6. Bd2 Qc7 7. Ng3 Ne7 8. Bg5
h6 9. Bxe7 Bxe7 10. Nxf5 exf5 11. Bd3 g6 12. O-O c5 13. Bb5+ Nc6 14. dxc5 Bxc5
15. Na4 a6 16. Nxc5 axb5 17. Qxd5 Nxe5 18. Rfe1 O-O 19. Qxe5 Qc6 20. Nd7 Qxd7
21. a3 h5 22. Rad1 Qc6 23. c3 Rfe8 24. Qd4 Rxe1+ 25. Rxe1 Re8 26. Rxe8+ Qxe8
27. Qd2 Qe7 28. f4 Qc5+ 29. Qf2 b6 30. h4 Kg7 31. Qd4+ f6 32. Kf2 Kf7 33. Ke3
Ke6 34. g3 Qxd4+ 35. Kxd4 Kd6 36. b3 Kc6 37. c4 bxc4 38. Kxc4 b5+ 39. Kd4 Kd6
40. a4 Kc6 41. a5 Kb7 42. Kc5 Ka6 43. b4 Kb7 44. Kxb5 Ka7 45. Kc6 Ka6 46. b5+
Ka7 47. Kc7 Ka8 48. b6 g5 49. b7+ Ka7 50. b8=Q+ Ka6 51. Qb6# 1-0

[Event "Tournoi francophone 015"]
[Site "Skype"]
[Date "????.??.??"]
[Round "4.15"]
[White "De Coninck, Philippe"]
[Black "Bourdeau, Yvan"]
[Result "1-0"]
[WhiteElo "1173"]
[BlackElo "1383"]
[PlyCount "57"]

1. e4 d5 2. exd5 Qxd5 3. Nc3 Qd8 4. d4 Nf6 5. Nf3 Bf5 6. Bd3 Bg6 7. Bf4 c6 8.
Qd2 e6 9. O-O-O Be7 10. h4 Bxd3 11. Qxd3 Ng4 12. Qe2 Nd7 13. Nh2 Nxh2 14. Rxh2
Nf6 15. h5 Bd6 16. Bxd6 Qxd6 17. Rh4 O-O-O 18. Qe5 Qxe5 19. dxe5 Nd5 20. Ne4 h6
21. Nd6+ Kc7 22. Nxf7 Ne7 23. Rxd8 Rxd8 24. Nxd8 Kxd8 25. Rd4+ Kc7 26. Rd6 Nf5
27. Rxe6 Kd7 28. Rg6 Ke7 29. g4 1-0

[Event "Tournoi francophone 015"]
[Site "Skype"]
[Date "????.??.??"]
[Round "4.16"]
[White "Rivalta, Paolo"]
[Black "Briere, Jean"]
[Result "1-0"]
[WhiteElo "1142"]
[BlackElo "1377"]
[PlyCount "29"]

1. e4 e5 2. Nf3 Nc6 3. Bc4 Nf6 4. Ng5 d5 5. exd5 Na5 6. Bb5+ c6 7. dxc6 Nxc6 8.
Qf3 Bd7 9. c3 h6 10. Ne4 Nxe4 11. Qxe4 Qf6 12. d4 Bd6 13. d5 Na5 14. Bxd7+ Kxd7
15. Qa4+ 1-0

[Event "Tournoi francophone 015"]
[Site "Skype"]
[Date "????.??.??"]
[Round "4.17"]
[White "Ruiz Aguilera, Juan Jesus"]
[Black "Amato, Ludovica"]
[Result "0-1"]
[WhiteElo "1083"]
[BlackElo "1346"]
[PlyCount "48"]

1. e4 e5 2. Nf3 Nf6 3. Bc4 Nc6 4. Nc3 Bb4 5. a3 Bxc3 6. dxc3 Nxe4 7. Qd5 Nd6 8.
Nxe5 Nxe5 9. Qxe5+ Qe7 10. Qxe7+ Kxe7 11. Bd5 c6 12. Ba2 Re8 13. O-O Kf8 14.
Bf4 Ne4 15. Rfe1 d5 16. f3 Nf6 17. Bd6+ Kg8 18. Rxe8+ Nxe8 19. Re1 Nxd6 20. b3
Bf5 21. Re2 Nb5 22. Re5 Bxc2 23. c4 dxc4 24. bxc4 Nc3 0-1

[Event "Tournoi francophone 015"]
[Site "Skype"]
[Date "????.??.??"]
[Round "4.18"]
[White "Pouteau, Pascal"]
[Black "Tinti, Jacopo"]
[Result "1-0"]
[WhiteElo "1345"]
[BlackElo "1044"]
[PlyCount "79"]

1. d4 Nf6 2. Nf3 e6 3. c4 Bb4+ 4. Nc3 O-O 5. Bg5 h6 6. Bh4 d6 7. e3 Nbd7 8. Bd3
Bxc3+ 9. bxc3 Qe7 10. O-O c5 11. Re1 b6 12. Be4 Rb8 13. Qa4 a6 14. Rab1 e5 15.
d5 Qe8 16. Bf5 e4 17. Nd2 g6 18. Bxd7 Bxd7 19. Qxa6 Bc8 20. Qb5 Qxb5 21. Rxb5
g5 22. Bg3 Bd7 23. Rb2 Rfe8 24. Bxd6 Rb7 25. Bxc5 Rc8 26. Bd4 Kg7 27. Reb1 Rcb8
28. Nxe4 Kg6 29. Nxf6 Bf5 30. e4 Bc8 31. e5 Kf5 32. d6 g4 33. Rxb6 Ra8 34. Rxb7
Bxb7 35. Rxb7 Rxa2 36. Kf1 Rc2 37. d7 Rc1+ 38. Ke2 Rc2+ 39. Kd3 Rc1 40. d8=Q
1-0

[Event "Tournoi francophone 015"]
[Site "Skype"]
[Date "????.??.??"]
[Round "4.19"]
[White "Duthoit, Bernard"]
[Black "Castellanos Gonzalez, Mariano"]
[Result "0-1"]
[WhiteElo "1338"]
[BlackElo "1000"]
[PlyCount "66"]

1. e4 Nf6 2. e5 Nd5 3. d4 d6 4. Bc4 Nb6 5. Bb3 dxe5 6. Qf3 e6 7. dxe5 Nc6 8.
Ne2 Nxe5 9. Qe4 Bd6 10. O-O O-O 11. Bf4 Ned7 12. Nbc3 Nc5 13. Qb4 a5 14. Qd4
Nxb3 15. axb3 Re8 16. Be5 Bxe5 17. Qxe5 f6 18. Qc5 Nd7 19. Qc4 Ne5 20. Qc5 b6
21. Qd4 Ba6 22. Qxd8 Rexd8 23. Rfd1 Nc6 24. Rxd8+ Rxd8 25. Kf1 Rd2 26. Rc1 Nd4
27. Ke1 Rxc2 28. Rxc2 Nxc2+ 29. Kd2 Nb4 30. Nd4 Kf7 31. Ncb5 e5 32. Nxc7 exd4
33. Nxa6 Nxa6 0-1

[Event "Tournoi francophone 015"]
[Site "Skype"]
[Date "????.??.??"]
[Round "4.20"]
[White "Sequeda Pimiento, Javier Ricardo"]
[Black "Sauvaget, Joel"]
[Result "1-0"]
[WhiteElo "1419"]
[BlackElo "1290"]
[PlyCount "57"]

1. e4 c5 2. Nf3 d6 3. d4 cxd4 4. Nxd4 Nf6 5. Nc3 a6 6. Nf3 Nc6 7. Bc4 g6 8. Bf4
Bg7 9. Qd2 O-O 10. O-O-O a5 11. Bh6 a4 12. a3 Bd7 13. h4 Na5 14. Ba2 b5 15. e5
dxe5 16. Nxe5 Be6 17. Bxe6 fxe6 18. Bxg7 Kxg7 19. Nxb5 Ne4 20. Qxd8 Raxd8 21.
Rxd8 Rxd8 22. f3 Ng3 23. Re1 h6 24. Nc7 Kf6 25. Ng4+ Kf5 26. Nxh6+ Kf6 27. Ng4+
Kf5 28. Re5+ Kf4 29. Nxe6# 1-0

[Event "Tournoi francophone 015"]
[Site "Skype"]
[Date "????.??.??"]
[Round "4.21"]
[White "Gadow, Martin"]
[Black "Garganese, Paolo"]
[Result "1-0"]
[WhiteElo "1412"]
[BlackElo "1199"]
[PlyCount "93"]

1. d4 Nf6 2. Nf3 d5 3. c4 e6 4. e3 Nbd7 5. Nc3 Be7 6. Bd3 dxc4 7. Bxc4 b6 8.
Be2 Bb7 9. O-O O-O 10. Nd2 c5 11. Bf3 Nd5 12. Nxd5 exd5 13. b3 Nf6 14. Bb2 Ne4
15. dxc5 Nxc5 16. Be2 Rc8 17. b4 Ne4 18. a3 Bf6 19. Bxf6 Qxf6 20. Nxe4 dxe4 21.
Qa4 Ra8 22. Rac1 a5 23. b5 Rac8 24. Qb3 Rc5 25. Rxc5 bxc5 26. Rc1 Qb6 27. Bc4
Bc8 28. a4 Be6 29. Bxe6 fxe6 30. Qc2 Rd8 31. Qxe4 Qd6 32. g3 Rc8 33. Qb7 Qc7
34. Qxc7 Rxc7 35. b6 Rb7 36. Rxc5 Rxb6 37. Rxa5 Rb1+ 38. Kg2 Kf7 39. Ra7+ Kf6
40. a5 Ra1 41. a6 h5 42. Ra8 Kg6 43. a7 Kf7 44. h4 Ra5 45. Kf3 Ke7 46. Rg8 Kf7
47. a8=Q 1-0

[Event "Tournoi francophone 015"]
[Site "Skype"]
[Date "????.??.??"]
[Round "4.22"]
[White "Scata, Laura"]
[Black "Abdulrazzaq, Mohsen"]
[Result "0-1"]
[WhiteElo "1366"]
[BlackElo "1249"]
[PlyCount "56"]

1. d4 Nf6 2. Nf3 g6 3. Nc3 Bg7 4. e4 d6 5. Be3 Nbd7 6. Qd2 Ng4 7. Bf4 O-O 8. h3
Ngf6 9. Bh6 e5 10. dxe5 Nxe5 11. Nxe5 dxe5 12. Qxd8 Rxd8 13. Bxg7 Kxg7 14. Bd3
Nh5 15. Ne2 Be6 16. a3 c5 17. b3 a6 18. g4 Nf6 19. f4 b5 20. c4 Rxd3 21. f5
gxf5 22. gxf5 Bd7 23. Nc1 Rc3 24. Kd2 Nxe4+ 25. Ke1 bxc4 26. Rg1+ Kf6 27. Rg4
Bxf5 28. Rf4 Re3+ 0-1

[Event "Tournoi francophone 015"]
[Site "Skype"]
[Date "????.??.??"]
[Round "4.23"]
[White "Trivedi, Viral"]
[Black "Marino, Giuseppe"]
[Result "1/2-1/2"]
[WhiteElo "1230"]
[BlackElo "1339"]
[PlyCount "39"]

1. b3 e5 2. Bb2 d6 3. e3 Nf6 4. h3 Be7 5. d4 exd4 6. Bxd4 a6 7. c4 Nc6 8. Bb2
Be6 9. Nf3 h6 10. Nc3 Nb4 11. Nd4 Qc8 12. a3 Nc6 13. Nxc6 bxc6 14. Qf3 c5 15.
Bd3 Rb8 16. Ne4 Nxe4 17. Bxe4 f6 18. Qh5+ Bf7 19. Bc6+ Kf8 20. Qd1 1/2-1/2

[Event "Tournoi francophone 015"]
[Site "Skype"]
[Date "????.??.??"]
[Round "4.24"]
[White "Sepulveda, Lyda Marcela"]
[Black "Vello, Pablo"]
[Result "1/2-1/2"]
[WhiteElo "1306"]
[BlackElo "1135"]
[PlyCount "111"]

1. e4 e6 2. d4 d5 3. Bd3 dxe4 4. Bxe4 Nf6 5. Bf3 c5 6. Ne2 Nc6 7. Be3 Qb6 8. b3
cxd4 9. Nxd4 Nd5 10. Bxd5 exd5 11. Ne6 Qa5+ 12. Bd2 Qb6 13. Nxf8 Rxf8 14. Qh5
Rh8 15. Qxd5 Be6 16. Qg5 Rg8 17. O-O h6 18. Qe3 Qxe3 19. Bxe3 O-O-O 20. Nc3 a6
21. Na4 Kb8 22. Nc5 Bf5 23. c4 Nd4 24. Rad1 Ne2+ 25. Kh1 Rxd1 26. Rxd1 Kc8 27.
h3 Nc3 28. Rd2 Ne4 29. Nxe4 Bxe4 30. f3 Bf5 31. g4 Be6 32. Kg2 Re8 33. Bc5 Bd7
34. Kf2 h5 35. Rd5 hxg4 36. hxg4 Rh8 37. Kg2 Re8 38. Kf2 Rh8 39. Rh5 Rg8 40.
Rh7 Be6 41. Bd4 g6 42. g5 Kc7 43. Rh8 Rxh8 44. Bxh8 Kc6 45. Ke3 Kc5 46. a3 Bf5
47. Bd4+ Kc6 48. b4 b5 49. c5 Kd5 50. Bf6 Kc4 51. Bb2 Kb3 52. Bc1 Kc2 53. Bd2
Kb3 54. Bc1 Kc2 55. Bd2 Kb3 56. Bc1 1/2-1/2

[Event "Tournoi francophone 015"]
[Site "Skype"]
[Date "????.??.??"]
[Round "4.25"]
[White "Colangelo, Michele"]
[Black "Farfallini, Michel"]
[Result "1-0"]
[WhiteElo "1000"]
[BlackElo "1446"]
[PlyCount "53"]

1. e4 e5 2. Nf3 Nc6 3. Bb5 a6 4. Bxc6 dxc6 5. d3 f6 6. Nc3 Bc5 7. O-O Be6 8. h3
Qd7 9. Re1 O-O-O 10. Be3 Bxe3 11. Rxe3 Kb8 12. d4 exd4 13. Nxd4 Qxd4 14. Rd3
Ne7 15. Rxd4 Rde8 16. b3 Ng6 17. Ne2 Ne5 18. Nf4 Bc8 19. Nh5 g5 20. Nxf6 Ref8
21. Nh5 g4 22. h4 Rhg8 23. Ng3 c5 24. Rd5 Ng6 25. Rg5 h6 26. Rf5 Rd8 27. Rd5
1-0

[Event "Tournoi francophone 015"]
[Site "Skype"]
[Date "????.??.??"]
[Round "4.26"]
[White "Vasquez Cienfuegos, Oscar"]
[Black "Busto, Ricardo"]
[Result "1/2-1/2"]
[WhiteElo "1470"]
[BlackElo "1152"]
[PlyCount "32"]

1. Nf3 Nf6 2. c4 e6 3. a3 c6 4. d4 Be7 5. g3 d5 6. cxd5 cxd5 7. Nc3 a6 8. Bg2
Nc6 9. O-O O-O 10. Re1 b5 11. Bd2 Rb8 12. b4 Bb7 13. Qc2 Qc7 14. Rac1 Qb6 15.
Qb3 Nxd4 16. Nxd4 Qxd4 1/2-1/2

[Event "Tournoi francophone 015"]
[Site "Skype"]
[Date "????.??.??"]
[Round "4.27"]
[White "Abate, Luigi"]
[Black "Gharbi, Said"]
[Result "0-1"]
[WhiteElo "1169"]
[BlackElo "1335"]
[PlyCount "70"]

1. e4 e5 2. c4 Nf6 3. Nc3 Bc5 4. h3 O-O 5. Nf3 d6 6. d4 exd4 7. Nxd4 Re8 8. Bd3
Bxd4 9. O-O Bxc3 10. bxc3 Nbd7 11. Re1 Nc5 12. Bc2 b6 13. Bg5 Re5 14. f4 Re6
15. f5 Re8 16. Bxf6 Qxf6 17. Qd5 Bb7 18. Qd2 Bxe4 19. Bxe4 Nxe4 20. Qd5 Nxc3
21. Rxe8+ Rxe8 22. Qc6 Rc8 23. Re1 Qd8 24. a3 a5 25. Re3 Nb1 26. Qe4 Nd2 27.
Qd4 Nxc4 28. Qxc4 Qd7 29. Qg4 g6 30. h4 Qxf5 31. Qxf5 gxf5 32. Rf3 c5 33. Rxf5
c4 34. Rf2 c3 35. Kf1 c2 0-1

[Event "Tournoi francophone 015"]
[Site "Skype"]
[Date "????.??.??"]
[Round "4.29"]
[White "Vervoort, Jean-Louis"]
[Black "Montilla Bejarano, Carmen"]
[Result "0-1"]
[WhiteElo "1273"]
[BlackElo "1087"]
[PlyCount "48"]

1. d4 d5 2. Bf4 Nf6 3. Nf3 Bf5 4. e3 c6 5. Bd3 Ne4 6. Bxe4 dxe4 7. Nh4 Qa5+ 8.
Qd2 Qxd2+ 9. Nxd2 Bg6 10. Nxg6 hxg6 11. Nxe4 f6 12. O-O-O Kf7 13. Ng3 e5 14.
dxe5 g5 15. Bxg5 fxg5 16. Rd4 g6 17. Re4 Ke6 18. f4 gxf4 19. exf4 Bh6 20. h3
Rf8 21. Rd1 Bxf4+ 22. Kb1 Bxg3 23. Rd6+ Kf5 24. Rd3 Kxe4 0-1

[Event "Tournoi francophone 015"]
[Site "Skype"]
[Date "????.??.??"]
[Round "4.30"]
[White "Dhenain, Sebastien"]
[Black "Le Bouill, Pierre"]
[Result "0-1"]
[WhiteElo "1086"]
[BlackElo "1252"]
[PlyCount "68"]

1. e4 d6 2. Nf3 e5 3. Nc3 Nf6 4. Bc4 a6 5. Ng5 Be6 6. Bxe6 fxe6 7. Nxe6 Qd7 8.
Nxf8 Rxf8 9. Nd5 Qf7 10. Nxf6+ Qxf6 11. O-O Nc6 12. Qh5+ Qg6 13. Qxg6+ hxg6 14.
c3 Kd7 15. Rd1 Ne7 16. d4 exd4 17. cxd4 d5 18. exd5 Nxd5 19. h3 Rae8 20. Bg5
Rf5 21. Bd2 Re2 22. Rf1 Rxd2 23. Rae1 Rxd4 24. g4 Rf3 25. Rd1 Rfd3 26. Rxd3
Rxd3 27. Re1 Rxh3 28. Kg2 Rd3 29. Kf1 Rd4 30. Re5 c6 31. Rg5 Ne7 32. Re5 Rxg4
33. Re2 Rd4 34. Rd2 Rxd2 0-1

[Event "Tournoi francophone 015"]
[Site "Skype"]
[Date "????.??.??"]
[Round "4.31"]
[White "Quispe, Alberto"]
[Black "Tolaro, Filippa"]
[Result "1-0"]
[WhiteElo "1230"]
[BlackElo "1086"]
[PlyCount "85"]

1. e4 c6 2. d4 d5 3. e5 Bf5 4. Nc3 e6 5. a3 c5 6. Nf3 Bg4 7. Be2 Bxf3 8. Bxf3
cxd4 9. Qxd4 Nc6 10. Qf4 Qc7 11. Nb5 Qa5+ 12. Nc3 d4 13. Bxc6+ bxc6 14. Qxd4 c5
15. Qe4 Rd8 16. O-O Be7 17. Be3 f6 18. Qc6+ Rd7 19. Rad1 Qd8 20. Bxc5 Bxc5 21.
Qxc5 fxe5 22. Qxe5 Nf6 23. Qxe6+ Qe7 24. Qc6 O-O 25. Rxd7 Nxd7 26. Nd5 Qf7 27.
f3 Ne5 28. Qb5 Rd8 29. Rd1 h6 30. Qb3 a6 31. Ne7+ Kf8 32. Rxd8+ Kxe7 33. Qxf7+
Nxf7 34. Rd4 g5 35. c4 Ke6 36. b4 Ke5 37. Re4+ Kd6 38. a4 Kc6 39. Re6+ Kd7 40.
Rxa6 Ne5 41. c5 h5 42. b5 Nd3 43. Rd6+ 1-0

[Event "Tournoi francophone 015"]
[Site "Skype"]
[Date "????.??.??"]
[Round "4.32"]
[White "Malbec, Robert"]
[Black "Maccaferri, Massimo"]
[Result "1-0"]
[WhiteElo "1214"]
[BlackElo "1074"]
[PlyCount "45"]

1. e4 e5 2. Nf3 Nc6 3. Bc4 Nd4 4. c3 Nc6 5. d3 d6 6. Ng5 f6 7. Nf7 Qe7 8. Nxh8
g6 9. Bxg8 Qg7 10. Bf7+ Kd8 11. Nxg6 hxg6 12. Bb3 f5 13. Nd2 g5 14. exf5 Bxf5
15. Qf3 Bxd3 16. Qxd3 Kd7 17. Qf5+ Kd8 18. Ne4 g4 19. Bg5+ Be7 20. Bxe7+ Nxe7
21. Qg5 Qf8 22. Qxg4 c6 23. Ng5 1-0

[Event "Tournoi francophone 015"]
[Site "Skype"]
[Date "????.??.??"]
[Round "4.33"]
[White "Ortis, Yves"]
[Black "Milanese, Serge"]
[Result "0-1"]
[WhiteElo "1096"]
[BlackElo "1202"]
[PlyCount "54"]

1. d4 Nf6 2. c4 d5 3. b3 c6 4. Nf3 Nbd7 5. Bg5 h6 6. Bxf6 Nxf6 7. Nc3 e6 8. Ne5
Bb4 9. Qd2 Ne4 10. Qf4 Bxc3+ 11. Kd1 O-O 12. Nf3 Bxa1 13. e3 Nxf2+ 14. Kc2 Nxh1
15. Bd3 Qa5 16. Nd2 Qxa2+ 17. Kd1 Bc3 18. Bc2 Bxd2 19. Kxd2 Qa5+ 20. Kc1 Qe1+
21. Kb2 a5 22. e4 Nf2 23. cxd5 a4 24. Qf3 a3+ 25. Ka2 Qc1 26. Qc3 Nd1 27. Qa1
Qxc2+ 0-1

[Event "Tournoi francophone 015"]
[Site "Skype"]
[Date "????.??.??"]
[Round "4.34"]
[White "Gerbaux, Regis"]
[Black "Yepez, German"]
[Result "1-0"]
[WhiteElo "1062"]
[BlackElo "1191"]
[PlyCount "51"]

1. e4 d5 2. e5 Nc6 3. d4 g6 4. c3 Bg7 5. Bf4 Be6 6. Nf3 Qd7 7. Bd3 h6 8. Nbd2
g5 9. Bg3 O-O-O 10. Nb3 b6 11. Nc5 bxc5 12. Ba6+ Kb8 13. Qb3+ Nb4 14. cxb4 c4
15. Qc3 c6 16. a4 f5 17. exf6+ Ka8 18. fxg7 Rh7 19. Be5 Nf6 20. b5 Rxg7 21. Qa5
Qe8 22. bxc6 Qxc6 23. Qxd8+ Bc8 24. Bxc8 Rg8 25. Bd7+ Qc8 26. Bc6# 1-0

[Event "Tournoi francophone 015"]
[Site "Skype"]
[Date "????.??.??"]
[Round "4.35"]
[White "Martin, Jean-Claude"]
[Black "Fernandez, Raquel"]
[Result "0-1"]
[WhiteElo "1184"]
[BlackElo "1038"]
[PlyCount "124"]

1. d4 d5 2. c4 Nf6 3. Nc3 dxc4 4. e4 Nc6 5. Nf3 Bg4 6. Be2 e6 7. e5 Nh5 8. h3
Bxf3 9. Bxf3 g6 10. Bxc6+ bxc6 11. g4 Ng7 12. Qa4 Qd7 13. Qxc4 Be7 14. O-O O-O
15. Ne4 f5 16. Nc5 Bxc5 17. Qxc5 fxg4 18. hxg4 Rfd8 19. Be3 a5 20. Rac1 a4 21.
Qxc6 Qxc6 22. Rxc6 Rac8 23. Rfc1 Rd7 24. R1c4 h5 25. f3 hxg4 26. fxg4 Re7 27.
Bg5 Rd7 28. Bh6 Kh7 29. Bxg7 Kxg7 30. Rxe6 Kf7 31. Rf6+ Kg7 32. g5 Rcd8 33. Rf4
Rf8 34. Rxf8 Kxf8 35. Rxa4 Kf7 36. Rc4 Ke6 37. a4 Kd5 38. b3 c6 39. Rc5+ Kxd4
40. Rxc6 Rg7 41. e6 Kd5 42. Rc4 Kxe6 43. a5 Kf5 44. Rc5+ Kg4 45. Kg2 Ra7 46. b4
Rb7 47. b5 Rd7 48. Kf2 Rd2+ 49. Ke3 Ra2 50. a6 Ra3+ 51. Ke4 Ra4+ 52. Kd3 Ra3+
53. Rc3 Ra5 54. Kc4 Ra4+ 55. Kb3 Ra1 56. Kb2 Ra5 57. Rc5 Kf4 58. Kb3 Kg4 59.
Kb4 Ra1 60. b6 Rxa6 61. b7 Rb6+ 62. Rb5 Rxb5+ 0-1

[Event "Tournoi francophone 015"]
[Site "Skype"]
[Date "????.??.??"]
[Round "4.36"]
[White "Trapletti, Cosetta"]
[Black "De Fazio, Monica"]
[Result "0-1"]
[WhiteElo "1000"]
[BlackElo "1176"]
[PlyCount "88"]

1. d4 Nf6 2. c4 e6 3. Nc3 Bb4 4. Bf4 O-O 5. Nf3 d5 6. e3 dxc4 7. Bxc4 Nc6 8.
Be5 Ne4 9. O-O Nxc3 10. bxc3 Bxc3 11. Rc1 Bb2 12. Rc2 Ba3 13. h4 Be7 14. Rd2
Na5 15. Bd3 Bd7 16. Qc2 f5 17. Qc3 Nc6 18. d5 Bb4 19. Qc1 Bxd2 20. Qxd2 exd5
21. Qc3 Nxe5 22. Nxe5 d4 23. Qb3+ Kh8 24. Nf7+ Rxf7 25. Qxf7 Qe8 26. Qd5 c6 27.
Qxd4 Qe6 28. g3 Qd5 29. Qc3 f4 30. f3 fxe3 31. Be4 Qd2 32. Qxd2 exd2 33. f4 Re8
34. Bc2 Re1 35. Bd1 Bh3 36. Bc2 Rxf1+ 37. Kh2 Rc1 38. Kxh3 Rxc2 39. Kg4 d1=Q+
40. Kg5 Rc5+ 41. f5 Qd2+ 42. Kg4 Qe2+ 43. Kh3 Qf1+ 44. Kg4 Qxf5# 0-1

[Event "Tournoi francophone 015"]
[Site "Skype"]
[Date "????.??.??"]
[Round "4.37"]
[White "Rodriguez Tovar, Liliana"]
[Black "Schnell, Nicolas"]
[Result "1-0"]
[WhiteElo "1036"]
[BlackElo "1003"]
[PlyCount "73"]

1. d4 e6 2. e4 Nf6 3. Bd3 d6 4. Nf3 d5 5. e5 Bb4+ 6. c3 Be7 7. exf6 Bxf6 8. O-O
c6 9. Nbd2 Nd7 10. b4 Be7 11. Nb3 Nf6 12. Bb2 Bd6 13. Re1 Ng4 14. h3 Nh2 15.
Nxh2 Qh4 16. Nf3 Qf4 17. a4 Qf6 18. b5 a6 19. bxc6 bxc6 20. Na5 Bd7 21. Nb7 Qe7
22. Nxd6+ Qxd6 23. Ba3 Qf4 24. Ne5 Bc8 25. Nxc6 Qc7 26. Ne7 Qxc3 27. Nxc8 Rxc8
28. Bxa6 Rc6 29. Bb5 Kd7 30. Bxc6+ Kc7 31. Bb5 Rb8 32. Bc5 e5 33. Rxe5 Rd8 34.
Re7+ Kc8 35. Ba6+ Kb8 36. Qb1+ Ka8 37. Qb7# 1-0

[Event "Tournoi francophone 015"]
[Site "Skype"]
[Date "????.??.??"]
[Round "4.38"]
[White "Moraga Vasquez, Michael"]
[Black "Porcabeuf, Jean-Marc"]
[Result "0-1"]
[WhiteElo "1008"]
[BlackElo "1229"]
[PlyCount "56"]

1. e4 c5 2. Nf3 d6 3. g3 Nf6 4. d3 e5 5. Bg2 Nc6 6. c3 b6 7. O-O h6 8. Re1 Ne7
9. d4 cxd4 10. cxd4 Nxe4 11. Rxe4 Bb7 12. d5 Nxd5 13. Re1 Qc7 14. Nc3 Nf6 15.
Be3 Be7 16. Bf1 O-O 17. Bd3 e4 18. Nxe4 Nxe4 19. Rc1 Qd7 20. Bf4 Nf6 21. Bc2
Nh5 22. Qd3 Nf6 23. Nh4 Qh3 24. Nf3 g6 25. Rxe7 Bc6 26. Bxd6 Ng4 27. Qf1 Qh5
28. Ne5 Qxh2# 0-1